000 00539nam a2200205Ia 4500
005 20250508150406.0
008 008 250505s9999 xx 000 0 eng d
037 _aTextual
040 _aFEDL
_beng
_cFEDL
041 _aeng
_2eng
084 _a301, PHE
_qFEDL
100 _aPhelps Harold A.
_9756579
245 0 _aContemporary social problems
250 _a3rd
260 _aNew York, USA
_bPrentice-Hall
_c1947
300 _axiv,845p.
650 _aSociology
942 _cTEXL
_h301, PHE
999 _c1323389
_d1323389